BCSE : A book for the preliminary exam (Record no. 8773)

MARC details
000 -LEADER
fixed length control field 00406nam a22001457a 4500
008 - FIXED-LENGTH DATA ELEMENTS--GENERAL INFORMATION
fixed length control field 210712b ||||| |||| 00| 0 eng d
020 ## - INTERNATIONAL STANDARD BOOK NUMBER
International Standard Book Number 9789993671725
082 ## - DEWEY DECIMAL CLASSIFICATION NUMBER
Classification number 954.98 TOB
245 ## - TITLE STATEMENT
Title BCSE : A book for the preliminary exam
Remainder of title easy solutions to problem solving & data interpretation
250 ## - EDITION STATEMENT
Edition statement edition III
260 ## - PUBLICATION, DISTRIBUTION, ETC.
Date of publication, distribution, etc. 2020.
300 ## - PHYSICAL DESCRIPTION
Extent 414 p.
Dimensions 22 cm.
700 ## - ADDED ENTRY--PERSONAL NAME
Personal name Tobgay, Tashi
942 ## - Added entry Elements (Koha)
Source of classification or shelving scheme Dewey Decimal Classification
Holdings
Withdrawn status Lost status Source of classification or shelving scheme Damaged status Not for loan Collection code Home library Current library Shelving location Date acquired Cost, normal purchase price Serial Enumeration / chronology Full call number Barcode Date last seen Price effective from Koha item type Total Checkouts Total Renewals Checked out Date last checked out
    Dewey Decimal Classification     Reference RTC Library RTC Library Reference 12/07/2021 420.00 16068 954.98 TOB 30015091 12/07/2021 12/07/2021 Reference        
    Dewey Decimal Classification     RCSC Books RTC Library RTC Library RCSC Books 12/07/2021 420.00 16068 954.98 TOB 30014691 30/04/2026 12/07/2021 RCSC 5 7 30/05/2026 30/04/2026
Royal Thimphu College || All Right Reserved